000
00334nam a2200121Ia 4500
008
170224s9999 xx 000 0 und d
245
_a
Few U.S. schools of nursing on campuses with smoke-free policies: A Call for Action
260
_b
Nursing Outlook
260
_c
2016
300
_a
64:3
500
_a
May-June
650
_x
Nursing.
999
_c
317044
_d
317044